[Event "Olimpiade 2024 - Donne"]
[Site "Budapest"]
[Date "18.09.2024"]
[Round "7.13"]
[Board "4"]
[White "Aydin, Gulenay"]
[Black "Olde, Grete"]
[Result "1-0"]
[WhiteTitle "WIM"]
[BlackTitle "WCM"]
[WhiteElo "2202"]
[BlackElo "1952"]
[WhiteTeam "Turkiye"]
[BlackTeam "Estonia"]
[WhiteFideId "34557431"]
[BlackFideId "4503104"]
[EventDate "2024.09.11"]

1. e4 e5 2. Nf3 Nc6 3. Nc3 Nf6 4. Bb5 Bc5 5. O-O d6 6. d4 exd4 7. Nxd4 Bd7 8.
Bxc6 bxc6 9. Bg5 h6 10. Bh4 g5 11. Bg3 O-O 12. h3 Qb8 13. Nb3 Bb4 14. Qf3 Bxc3
15. bxc3 Qd8 16. Rad1 d5 17. exd5 g4 18. Qf4 Nxd5 19. Qxh6 Nxc3 20. Be5 Ne2+ 21.
Kh2 f6 22. Qg6+ Kh8 23. Nc5 fxe5 24. Rxd7 Qxd7 25. Nxd7 g3+ 26. fxg3 Rxf1 27.
Nf6 Rxf6 28. Qxf6+ Kg8 29. Qxe5 1-0

[Event "Olimpiade 2024 - Donne"]
[Site "Budapest"]
[Date "18.09.2024"]
[Round "7.14"]
[Board "1"]
[White "Injac, Teodora"]
[Black "Alinasab, Mobina"]
[Result "1-0"]
[WhiteTitle "IM"]
[BlackTitle "WGM"]
[WhiteElo "2425"]
[BlackElo "2336"]
[WhiteTeam "Serbia"]
[BlackTeam "Iran"]
[WhiteFideId "932400"]
[BlackFideId "12528897"]
[EventDate "2024.09.11"]

1. d4 Nf6 2. Nf3 e6 3. Bf4 d5 4. e3 c5 5. Nbd2 Nc6 6. c3 Bd6 7. Bg3 O-O 8. Bd3
b6 9. e4 Be7 10. e5 Nd7 11. h4 h6 12. a3 a5 13. Qe2 c4 14. Bb1 b5 15. Bf4 f6 16.
exf6 Nxf6 17. Ne5 Nxe5 18. Bxe5 Nd7 19. Bxg7 Kxg7 20. Qg4+ Kh8 21. Qg6 Rf5 22.
Qxh6+ Kg8 23. Rh3 Nf8 24. Rg3+ Kf7 25. Bxf5 exf5 26. Rg7+ Ke8 27. Qh5+ Kd7 28.
Qxf5+ Kc6 29. Qh5 Ne6 30. Rg6 Bd6 31. g3 Bd7 32. Qe2 Qe8 33. h5 Nf8 34. Rh6 Qf7
35. Nf3 Qg7 36. Ne5+ Kc7 37. Qe3 Be7 38. Nxd7 Bg5 39. Nxf8 Qxf8 40. Qxg5 Re8+
41. Kf1 1-0

[Event "Olimpiade 2024 - Donne"]
[Site "Budapest"]
[Date "18.09.2024"]
[Round "7.14"]
[Board "2"]
[White "Azali, Tannaz"]
[Black "Gajcin, Marina"]
[Result "0-1"]
[WhiteTitle "WFM"]
[BlackTitle "WGM"]
[WhiteElo "2125"]
[BlackElo "2253"]
[WhiteTeam "Iran"]
[BlackTeam "Serbia"]
[WhiteFideId "12537721"]
[BlackFideId "949086"]
[EventDate "2024.09.11"]

1. d4 Nf6 2. c4 e6 3. Nc3 Bb4 4. Bd2 O-O 5. Nf3 b6 6. e3 d5 7. cxd5 exd5 8. Bd3
Re8 9. Rc1 Ba6 10. Bxa6 Nxa6 11. Ne5 Bd6 12. f4 Bb4 13. Qe2 Qc8 14. O-O c5 15.
Nb5 Bxd2 16. Qxd2 Ne4 17. Qd1 Qb7 18. f5 f6 19. Nd3 Qd7 20. Nc3 c4 21. Ne1 Nc7
22. g4 Nxc3 23. Rxc3 Nb5 24. Ng2 Nxc3 25. bxc3 Re4 26. Qf3 Rae8 27. h4 h6 28.
Rf2 Qd6 29. Re2 Qa3 30. Rc2 Qe7 31. Re2 b5 32. Kf2 a5 33. Nf4 Qd6 34. Qg3 b4 35.
cxb4 axb4 36. Ne6 Qxg3+ 37. Kxg3 c3 38. Kf3 Rc8 39. Rc2 h5 40. gxh5 Rxh4 41. Nf4
Rd8 42. Ne6 Ra8 43. Nf4 Rh1 44. Nxd5 Rb1 45. Nf4 Rb2 46. Rc1 Raxa2 47. Nd3 Rd2
48. Nxb4 Rab2 49. Nd5 c2 50. Nc3 Rb3 51. Ne4 Rb1 0-1

[Event "Olimpiade 2024 - Donne"]
[Site "Budapest"]
[Date "18.09.2024"]
[Round "7.14"]
[Board "3"]
[White "Velikic, Adela"]
[Black "Karimi, Setayesh"]
[Result "0-1"]
[WhiteTitle "WIM"]
[BlackTitle "WFM"]
[WhiteElo "2260"]
[BlackElo "2105"]
[WhiteTeam "Serbia"]
[BlackTeam "Iran"]
[WhiteFideId "913553"]
[BlackFideId "22555293"]
[EventDate "2024.09.11"]

1. d4 Nf6 2. c4 e6 3. Nf3 Bb4+ 4. Nbd2 Qe7 5. g3 O-O 6. Bg2 d6 7. O-O Bxd2 8.
Qxd2 e5 9. e3 e4 10. Ne1 c6 11. b3 d5 12. a4 Re8 13. Ba3 Qd8 14. Nc2 h5 15. Rfc1
h4 16. Ne1 hxg3 17. hxg3 Ng4 18. Ra2 a5 19. Qc3 Be6 20. Rb2 Qg5 21. cxd5 Bxd5
22. b4 Qh5 23. bxa5 Qh2+ 24. Kf1 Re6 25. Rcc2 Rf6 26. Re2 Bc4 27. Qxc4 Rxf2+ 28.
Rxf2 Nxe3+ 29. Ke2 Nxc4 30. Rb3 Qh5+ 31. Kf1 e3 32. Bf3 Qh3+ 33. Bg2 Qxg3 34.
Rf3 Nd2+ 35. Ke2 Nxf3 36. Rxe3 Qxe1+ 37. Kxf3 Qd1+ 0-1

[Event "Olimpiade 2024 - Donne"]
[Site "Budapest"]
[Date "18.09.2024"]
[Round "7.14"]
[Board "4"]
[White "Behzad Nazif, Parva"]
[Black "Eric, Jovana"]
[Result "1-0"]
[WhiteTitle "WIM"]
[BlackTitle "WGM"]
[WhiteElo "2092"]
[BlackElo "2162"]
[WhiteTeam "Iran"]
[BlackTeam "Serbia"]
[WhiteFideId "12563790"]
[BlackFideId "938238"]
[EventDate "2024.09.11"]

1. d4 Nf6 2. Nf3 e6 3. g3 c5 4. Bg2 Qa5+ 5. c3 cxd4 6. Nxd4 d5 7. O-O Be7 8. Nb3
Qd8 9. c4 a5 10. cxd5 a4 11. Nd4 Nxd5 12. e4 Nb6 13. Nc3 O-O 14. Ndb5 Bd7 15.
Qe2 Bc6 16. Rd1 N8d7 17. Bf4 Ra5 18. Rac1 Bc5 19. Bd6 Bxd6 20. Nxd6 Qe7 21. b4
axb3 22. axb3 Ra3 23. b4 Ba4 24. Nxa4 Nxa4 25. Qc2 Nc3 26. Rd3 Ne5 27. Rd2 Na2
28. Rb1 Rfa8 29. Nc8 Qf8 30. Nb6 Nxb4 31. Qc7 Ra1 32. Rdd1 Rxb1 33. Rxb1 Na6 34.
Qxe5 Rd8 35. h4 Nb4 36. Qc3 Nc6 37. e5 Nd4 38. Qc4 Nf5 39. Bxb7 Qa3 40. Qb3 Qc5
41. Qb5 Qc2 42. Nc4 Nd4 43. Qb6 Rb8 44. Ne3 Qc3 45. Rd1 Ne2+ 46. Kf1 1-0

[Event "Olimpiade 2024 - Donne"]
[Site "Budapest"]
[Date "18.09.2024"]
[Round "7.15"]
[Board "1"]
[White "Pham, Le Thao Nguyen"]
[Black "Movsesian, Julia"]
[Result "1-0"]
[WhiteTitle "IM"]
[BlackTitle "WGM"]
[WhiteElo "2380"]
[BlackElo "2198"]
[WhiteTeam "Vietnam"]
[BlackTeam "Czech Republic"]
[WhiteFideId "12401226"]
[BlackFideId "4139690"]
[EventDate "2024.09.11"]

1. d4 d5 2. c4 e6 3. Nc3 Nf6 4. Bg5 Nbd7 5. e3 Bb4 6. Rc1 c5 7. cxd5 exd5 8.
Bxf6 Nxf6 9. Bb5+ Bd7 10. Bxd7+ Qxd7 11. dxc5 Rc8 12. Ne2 O-O 13. O-O Bxc5 14.
Qa4 Qe7 15. Qh4 Qe5 16. Rfd1 Rfd8 17. Qg3 Qh5 18. Qf3 Qe5 19. Nf4 Bf8 20. Rd4
Ne4 21. Nfxd5 Rxd5 22. Rxe4 Qd6 23. Re8 Rc6 24. g3 Rd2 25. Rb1 Qd3 26. Qe4 Qd7
27. Qe5 Rc8 28. Rxc8 Qxc8 29. Ne4 Rc2 30. a4 h6 31. b3 Qd7 32. Rf1 Qd3 33. Qe8
Qxb3 34. Rd1 Rc8 35. Qd7 Rc7 36. Qd8 Qxa4 37. Rd4 Qc6 38. h4 Re7 39. Nd2 Re8 40.
Qa5 b5 41. Qxa7 b4 42. Qd7 Qxd7 43. Rxd7 Rc8 44. Rb7 Rc2 45. Nb3 Rc3 46. Nd4 Bc5
47. Ne2 Rd3 48. Kg2 g6 49. Rb5 Bf8 50. Nd4 Rc3 51. Kf3 Bc5 52. Ne2 Rc2 53. Nf4
Bd6 54. Ne2 Bc5 55. g4 Bd6 56. Nd4 Rc1 57. h5 Rc5 58. hxg6 fxg6 59. Rb6 Rd5 60.
Ke4 Re5+ 61. Kd3 Bc5 62. Rxg6+ Kh7 63. Rc6 Bxd4 64. exd4 Rb5 65. Rc2 Kg6 66. f3
Rb8 67. Rb2 Kg5 68. Rb3 Kf4 69. Kc4 Rb7 70. Kc5 Rb8 71. Rxb4 Rc8+ 72. Kd6 Kxf3
73. d5 1-0

[Event "Olimpiade 2024 - Donne"]
[Site "Budapest"]
[Date "18.09.2024"]
[Round "7.15"]
[Board "2"]
[White "Kanakova, Natalie"]
[Black "Vo, Thi Kim Phung"]
[Result "1/2-1/2"]
[WhiteTitle "WIM"]
[BlackTitle "WGM"]
[WhiteElo "2145"]
[BlackElo "2320"]
[WhiteTeam "Czech Republic"]
[BlackTeam "Vietnam"]
[WhiteFideId "350486"]
[BlackFideId "12401838"]
[EventDate "2024.09.11"]

1. e4 e6 2. d4 d5 3. Nc3 Nf6 4. e5 Nfd7 5. f4 c5 6. Nf3 Nc6 7. Be3 Be7 8. Qd2 c4
9. h4 b5 10. a3 Rb8 11. h5 a5 12. h6 g6 13. Bf2 Qc7 14. Nd1 b4 15. axb4 axb4 16.
g4 c3 17. bxc3 bxc3 18. Qc1 f6 19. Be2 O-O 20. O-O Rb4 21. Rb1 fxe5 22. Rxb4
Nxb4 23. fxe5 Ba6 24. Bxa6 Nxa6 25. Be1 Nb4 26. Rf2 Nb6 27. Bxc3 Na2 28. Qb2
Nxc3 29. Qxc3 Qxc3 30. Nxc3 Rf4 31. g5 Rf5 32. Ne2 Nc4 33. Ng3 Rf4 34. Ne2 Rg4+
35. Rg2 Rxg2+ 36. Kxg2 Ne3+ 37. Kf2 Nxc2 38. Nf4 Kf7 39. Ke2 Bb4 40. Ng2 Ba5 41.
Kd1 Nb4 42. Ne3 Nc6 43. Kc2 Nb8 44. Ng4 Nd7 45. Nf6 Nf8 46. Kb3 Ke7 47. Ka4 Bc3
48. Kb5 Bb2 49. Kc6 Bc1 50. Kc5 Ba3+ 51. Kc6 Bc1 52. Kc7 Bf4 53. Kc8 Bc1 54. Kc7
Bf4 55. Kc8 Bc1 56. Kc7 1/2-1/2

[Event "Olimpiade 2024 - Donne"]
[Site "Budapest"]
[Date "18.09.2024"]
[Round "7.15"]
[Board "3"]
[White "Luong Phuong Hanh"]
[Black "Rodshtein, Tereza"]
[Result "1-0"]
[WhiteTitle "WIM"]
[BlackTitle "WGM"]
[WhiteElo "2225"]
[BlackElo "2149"]
[WhiteTeam "Vietnam"]
[BlackTeam "Czech Republic"]
[WhiteFideId "12401013"]
[BlackFideId "325449"]
[EventDate "2024.09.11"]

1. d4 d5 2. Bf4 Nf6 3. Nf3 c6 4. e3 Bg4 5. Nbd2 e6 6. h3 Bh5 7. Be2 Nbd7 8. Ne5
Bxe2 9. Qxe2 Be7 10. O-O O-O 11. c4 Nxe5 12. Bxe5 Bd6 13. Bxd6 Qxd6 14. c5 Qe7
15. b4 e5 16. dxe5 Qxe5 17. Nf3 Qh5 18. Nd4 Qxe2 19. Nxe2 Nd7 20. Nd4 a5 21. a3
Ra6 22. Rfd1 axb4 23. axb4 Rfa8 24. Rxa6 Rxa6 25. e4 Kf8 26. exd5 cxd5 27. Nf5
Nf6 28. Nd6 Ra4 29. b5 Rb4 30. b6 Ke7 31. Nxb7 Rb5 32. Re1+ Kd7 33. Rc1 Kc6 34.
Nd8+ Kd7 35. Nxf7 Ne8 36. c6+ Kc8 37. Re1 1-0

[Event "Olimpiade 2024 - Donne"]
[Site "Budapest"]
[Date "18.09.2024"]
[Round "7.15"]
[Board "4"]
[White "Novosadova, Kristyna"]
[Black "Bach Ngoc Thuy Duong"]
[Result "0-1"]
[WhiteTitle "WIM"]
[BlackTitle "WIM"]
[WhiteElo "2066"]
[BlackElo "2214"]
[WhiteTeam "Czech Republic"]
[BlackTeam "Vietnam"]
[WhiteFideId "328065"]
[BlackFideId "12408956"]
[EventDate "2024.09.11"]

1. e4 c5 2. Nf3 e6 3. d4 cxd4 4. Nxd4 a6 5. Nc3 b5 6. Be3 Bb7 7. f3 d6 8. Qd2
Nd7 9. Bd3 Ngf6 10. a3 Be7 11. g4 Nb6 12. g5 Nfd7 13. f4 Rc8 14. f5 e5 15. f6
gxf6 16. gxf6 Nxf6 17. Nf5 Nc4 18. Bxc4 Rxc4 19. Rf1 Nxe4 20. Nxe4 Bxe4 21. Nxe7
Qxe7 22. Bg5 Qc7 23. c3 Bg6 24. O-O-O O-O 25. Bf6 Qc6 26. Rde1 b4 27. Re2 bxc3
28. Qh6 cxb2+ 29. Kxb2 Rc2+ 30. Rxc2 Qxc2+ 31. Ka1 Qc3+ 0-1

[Event "Olimpiade 2024 - Donne"]
[Site "Budapest"]
[Date "18.09.2024"]
[Round "7.16"]
[Board "1"]
[White "Zherebtsova, Alexandra"]
[Black "Kosteniuk, Alexandra"]
[Result "0-1"]
[WhiteTitle "FM"]
[BlackTitle "GM"]
[WhiteElo "2239"]
[BlackElo "2483"]
[WhiteTeam "Montenegro"]
[BlackTeam "Switzerland"]
[WhiteFideId "24129518"]
[BlackFideId "4128125"]
[EventDate "2024.09.11"]

1. d4 Nf6 2. c4 e6 3. g3 Bb4+ 4. Nd2 c5 5. a3 Bxd2+ 6. Qxd2 Nc6 7. dxc5 Ne4 8.
Qe3 Qa5+ 9. Bd2 Nxd2 10. Qxd2 Qxc5 11. Nf3 Qxc4 12. Qd6 Ne7 13. Bh3 Qa6 14. Qc5
d6 15. Qg5 Ng6 16. O-O e5 17. Bxc8 Rxc8 18. h4 O-O 19. h5 Qxe2 20. Nh2 h6 21.
Qf5 Ne7 22. Qd7 Nc6 23. Qxb7 Nd4 24. Qxa7 Qe4 25. Rae1 Ne2+ 26. Rxe2 Qxe2 27. b4
d5 28. a4 d4 29. a5 Qb5 30. Nf3 Rfe8 31. Re1 Qxb4 32. Kg2 e4 0-1

[Event "Olimpiade 2024 - Donne"]
[Site "Budapest"]
[Date "18.09.2024"]
[Round "7.16"]
[Board "2"]
[White "Georgescu, Lena"]
[Black "Skvortsova, Alena"]
[Result "1/2-1/2"]
[WhiteTitle "FM"]
[BlackTitle "WFM"]
[WhiteElo "2266"]
[BlackElo "2179"]
[WhiteTeam "Switzerland"]
[BlackTeam "Montenegro"]
[WhiteFideId "1331973"]
[BlackFideId "24166251"]
[EventDate "2024.09.11"]

1. e4 e6 2. d4 d5 3. Nc3 Nf6 4. Bg5 dxe4 5. Nxe4 Nbd7 6. Nf3 h6 7. Nxf6+ Nxf6 8.
Be3 Bd6 9. Bd3 O-O 10. Qe2 b6 11. O-O-O Bb7 12. Ne5 Nd5 13. Bd2 Qh4 14. Nf3 Qf6
15. Qe4 Qg6 16. Qxg6 fxg6 17. Bxg6 Nf4 18. Bxf4 Rxf4 19. h3 Rxf3 20. gxf3 Bxf3
21. Kd2 Rf8 22. Ke3 Rf6 23. Be4 Bxd1 24. Rxd1 g5 25. Bf3 Kg7 26. Rg1 e5 27. dxe5
Bxe5 28. c3 Bf4+ 29. Ke4 Re6+ 30. Kf5 Re5+ 31. Kg4 Ra5 32. Be4 Rxa2 33. Rb1 Kf6
34. h4 Ke5 35. Bc2 Ra5 36. hxg5 hxg5 37. Kf3 Rd5 38. Re1+ Kd6 39. Re2 Kc5 40.
Be4 Rd1 41. Bg6 a5 42. Rc2 a4 43. Be8 b5 44. c4 Rc1 45. Rxc1 Bxc1 46. cxb5 Bxb2
47. b6 cxb6 48. Bxa4 b5 49. Bb3 Kb4 50. Be6 Bd4 51. Kg4 Bf6 52. f4 gxf4 53. Kxf4 1/2-1/2

[Event "Olimpiade 2024 - Donne"]
[Site "Budapest"]
[Date "18.09.2024"]
[Round "7.16"]
[Board "3"]
[White "Milovic, Aleksandra"]
[Black "Hryzlova, Sofiia"]
[Result "1/2-1/2"]
[WhiteTitle "WIM"]
[BlackTitle "WIM"]
[WhiteElo "2121"]
[BlackElo "2188"]
[WhiteTeam "Montenegro"]
[BlackTeam "Switzerland"]
[WhiteFideId "933988"]
[BlackFideId "14174669"]
[EventDate "2024.09.11"]

1. e4 c5 2. Nf3 d6 3. d4 cxd4 4. Nxd4 Nf6 5. Nc3 a6 6. Be3 e5 7. Nb3 Be6 8. f3
h5 9. Qd2 Nbd7 10. O-O-O Be7 11. Kb1 Rc8 12. Qf2 Rxc3 13. bxc3 b5 14. Be2 Qc7
15. Rd3 d5 16. exd5 Nxd5 17. Bd2 N7b6 18. Rd1 Na4 19. Qe1 O-O 20. f4 e4 21. Rxd5
Bxd5 22. Bxh5 Bf6 23. Qe3 Bxc3 24. Rc1 Bb2 25. Rf1 Rc8 26. Bd1 Nc3+ 27. Bxc3
Bxc3 28. Bg4 Qc4 29. Rd1 Rc6 30. Be2 Qb4 31. Rxd5 Bf6 32. Qd2 Rc3 33. Rd8+ Kh7
34. Qd5 Bxd8 35. Qxd8 Rc6 36. Qd2 Rc3 37. Qd5 Re3 38. Qf5+ Kg8 39. Qc8+ Kh7 40.
Qf5+ Kg8 41. Qc8+ Kh7 42. Qf5+ Kg8 1/2-1/2

[Event "Olimpiade 2024 - Donne"]
[Site "Budapest"]
[Date "18.09.2024"]
[Round "7.16"]
[Board "4"]
[White "Manko, Mariia"]
[Black "Popovic, Mateja"]
[Result "1-0"]
[WhiteTitle "WFM"]
[WhiteElo "2159"]
[BlackElo "1932"]
[WhiteTeam "Switzerland"]
[BlackTeam "Montenegro"]
[WhiteFideId "14199220"]
[BlackFideId "16504518"]
[EventDate "2024.09.11"]

1. d4 d5 2. c4 e6 3. Nf3 Nf6 4. g3 Be7 5. Bg2 Ne4 6. O-O f5 7. Ne5 Nd7 8. f3 Nd6
9. c5 Nf7 10. Nxf7 Kxf7 11. e4 h5 12. Nc3 c6 13. g4 g6 14. b4 b6 15. Rb1 bxc5
16. bxc5 Ba6 17. gxf5 Bxf1 18. fxe6+ Kxe6 19. exd5+ cxd5 20. Qxf1 Nf6 21. Qa6+
Kf7 22. Bf4 Qc8 23. Rb7 Re8 24. Nb5 Kg8 25. Nc7 Rb8 26. Rxb8 Qxb8 27. Qe6+ Kg7
28. Be5 1-0

[Event "Olimpiade 2024 - Donne"]
[Site "Budapest"]
[Date "18.09.2024"]
[Round "7.17"]
[Board "1"]
[White "Bulmaga, Irina"]
[Black "Martynkova, Olena"]
[Result "1/2-1/2"]
[WhiteTitle "IM"]
[BlackTitle "WIM"]
[WhiteElo "2406"]
[BlackElo "2176"]
[WhiteTeam "Romania"]
[BlackTeam "Lithuania"]
[WhiteFideId "13903063"]
[BlackFideId "14134039"]
[EventDate "2024.09.11"]

1. e4 e5 2. Nf3 Nc6 3. Bb5 a6 4. Ba4 Nf6 5. d3 d6 6. c3 Be7 7. O-O b5 8. Bc2 O-O
9. Re1 Re8 10. a4 b4 11. a5 Rb8 12. Nbd2 Bf8 13. Nc4 h6 14. Ba4 Bd7 15. Bd2 bxc3
16. bxc3 g6 17. Ne3 Qc8 18. Qc1 Kh7 19. Qc2 Bg7 20. d4 Nd8 21. dxe5 dxe5 22. Nc4
Bxa4 23. Qxa4 Nd7 24. Rad1 Ne6 25. Be3 Ndc5 26. Qc2 Qb7 27. Nfxe5 Qxe4 28. Qxe4
Nxe4 29. Ba7 Nxc3 30. Bxb8 Nxd1 31. Ba7 Nc3 32. Nxf7 Nb5 33. Be3 Ned4 34. Kf1
Nc2 35. Re2 Nxe3+ 36. Rxe3 Rf8 37. Re7 Kg8 38. Nfe5 g5 39. g3 Rf5 40. Re6 Nd6
41. Nxd6 cxd6 42. Nc6 Bf8 43. Re8 Rc5 44. Rc8 Kf7 45. Ke2 Bg7 46. Rc7+ Kf8 47.
Rc8+ Kf7 48. Kd3 Bf6 49. Nd8+ Bxd8 50. Rxd8 Rxa5 51. Rxd6 Kg7 52. Ke4 g4 53. f4
gxf3 54. Kxf3 h5 55. Kf4 Kh7 56. h3 Kg7 57. Rd7+ Kg6 58. Rd6+ Kg7 59. g4 hxg4
60. hxg4 Kf7 61. g5 Ra1 62. Rd7+ Kg6 63. Rd6+ Kg7 64. Ke4 1/2-1/2

[Event "Olimpiade 2024 - Donne"]
[Site "Budapest"]
[Date "18.09.2024"]
[Round "7.17"]
[Board "2"]
[White "Limontaite, Simona"]
[Black "Sandu, Mihaela"]
[Result "1/2-1/2"]
[WhiteTitle "WIM"]
[BlackTitle "WGM"]
[WhiteElo "2177"]
[BlackElo "2248"]
[WhiteTeam "Lithuania"]
[BlackTeam "Romania"]
[WhiteFideId "12802506"]
[BlackFideId "1204327"]
[EventDate "2024.09.11"]

1. d4 Nf6 2. c4 e6 3. Nc3 Bb4 4. Bd2 c5 5. e3 O-O 6. Nf3 b6 7. Bd3 d5 8. O-O
cxd4 9. Nxd4 Bb7 10. Rc1 dxc4 11. Bxc4 Nbd7 12. Qe2 Bc5 13. Nb3 Be7 14. Rfd1 a6
15. Nd4 Qb8 16. Bb3 b5 17. Be1 Nc5 18. Bc2 g6 19. b4 Ncd7 20. a3 Nb6 21. Bb3 Bd6
22. h3 Be7 23. Nf3 Rc8 24. Nb1 Ne4 25. Nfd2 Qe5 26. Nxe4 Bxe4 27. f3 Bxb1 28.
Rxb1 Nc4 29. Bxc4 Rxc4 30. f4 Qe4 31. Qd3 Qxd3 32. Rxd3 Rac8 33. Kf1 Rc2 34.
Rbd1 Kf8 35. R1d2 Rc1 36. Rd1 R8c2 37. Rxc1 Rxc1 38. Ke2 Ke8 39. Bc3 Rc2+ 40.
Kf3 h5 41. Bd4 f5 42. Be5 Bh4 43. g3 Be7 44. h4 Rc8 45. e4 Rc6 46. Rc3 Rxc3+ 47.
Bxc3 Kd7 48. Ke3 Kc6 49. Kd3 Bd8 50. Bd4 a5 51. Ke3 axb4 52. axb4 Be7 53. Bc3
Bd6 54. Kd3 Bc7 55. Bd4 Kd7 56. Ke3 Bd6 57. Bc3 Be7 58. Kd3 Bd8 59. Bd4 Bc7 60.
Ke3 Kc6 61. Kd3 1/2-1/2

[Event "Olimpiade 2024 - Donne"]
[Site "Budapest"]
[Date "18.09.2024"]
[Round "7.17"]
[Board "3"]
[White "Lehaci, Miruna-Daria"]
[Black "Baginskaite, Kamile"]
[Result "1/2-1/2"]
[WhiteTitle "WIM"]
[BlackTitle "WGM"]
[WhiteElo "2180"]
[BlackElo "2103"]
[WhiteTeam "Romania"]
[BlackTeam "Lithuania"]
[WhiteFideId "1234765"]
[BlackFideId "2014599"]
[EventDate "2024.09.11"]

1. e4 c5 2. Nf3 d6 3. d4 cxd4 4. Nxd4 Nf6 5. Nc3 a6 6. f4 e5 7. Nb3 Be7 8. fxe5
dxe5 9. Qxd8+ Bxd8 10. Be3 Be6 11. Be2 Nbd7 12. O-O-O Rc8 13. Bf3 Bb6 14. Bxb6
Nxb6 15. Na5 Rc7 16. Rd6 Nc8 17. Rd2 b6 18. Nb3 Rd7 19. Nd5 Bxd5 20. exd5 Ke7
21. Re1 Kd6 22. g4 h6 23. h4 Re7 24. Rde2 Nd7 25. Nd2 Kc7 26. Nc4 f6 27. Re3 e4
28. Rxe4 Rxe4 29. Rxe4 b5 30. Ne3 Nc5 31. d6+ Kxd6 32. Nf5+ Kc7 33. Re3 g6 34.
Rc3 Kb6 35. b4 gxf5 36. bxc5+ Kc7 37. gxf5 Re8 38. Ra3 Re5 39. Rxa6 Rxf5 40.
Rc6+ Kd7 41. Rxc8 Rxf3 42. Rh8 Kc6 43. Rxh6 Kxc5 44. Rh8 Rh3 45. h5 Kb6 46. Kd2
f5 47. c3 f4 48. Kc2 Rh2+ 49. Kb3 f3 50. Rf8 Rxh5 51. Rxf3 Rh1 52. Rf6+ Kc5 53.
Rf5+ Kb6 54. Kb4 Rb1+ 55. Ka3 Kc6 56. Rf2 Kc5 57. Rb2 Rxb2 58. Kxb2 b4 59. a4 1/2-1/2

[Event "Olimpiade 2024 - Donne"]
[Site "Budapest"]
[Date "18.09.2024"]
[Round "7.17"]
[Board "4"]
[White "Sibajeva, Marija"]
[Black "Ciolacu, Alessia-Mihaela"]
[Result "1-0"]
[WhiteTitle "WFM"]
[BlackTitle "WIM"]
[WhiteElo "2007"]
[BlackElo "2160"]
[WhiteTeam "Lithuania"]
[BlackTeam "Romania"]
[WhiteFideId "12807583"]
[BlackFideId "1252640"]
[EventDate "2024.09.11"]

1. d4 Nf6 2. Nc3 d5 3. Bf4 e6 4. Nb5 Na6 5. e3 c6 6. Nc3 Nc7 7. Bd3 c5 8. dxc5
Bxc5 9. Nf3 O-O 10. g4 Bb4 11. g5 Nd7 12. Ne5 Nxe5 13. Bxe5 Bd6 14. Bxh7+ Kxh7
15. Qh5+ Kg8 16. Bxg7 f5 17. Qh8+ Kf7 18. g6+ Kxg6 19. Rg1+ Kf7 20. Bxf8 Bxf8
21. Rg7+ Bxg7 22. Qxd8 Ne8 23. Qg5 Bd7 24. O-O-O b5 25. h4 b4 26. Ne2 Nf6 27.
Qf4 a5 28. Ng1 Rc8 29. Nf3 Ng4 30. Qd6 Ke8 31. Rd2 Bf8 32. Qa6 a4 33. Nd4 Ke7
34. Qb7 b3 35. axb3 axb3 36. Nxe6 Nf6 37. Nxf8 1-0

[Event "Olimpiade 2024 - Donne"]
[Site "Budapest"]
[Date "18.09.2024"]
[Round "7.70"]
[White "Steil-Antoni, Fiona"]
[Black "Gueci, Tea"]
[Result "1/2-1/2"]
[WhiteTitle "WIM"]
[BlackTitle "WIM"]
[WhiteElo "2085"]
[BlackElo "2199"]
[WhiteTeam "Luxembourg"]
[BlackTeam "Italy"]
[WhiteFideId "4001249"]
[BlackFideId "872342"]
[EventDate "2024.09.11"]

1. f4 d5 2. Nf3 Nf6 3. e3 g6 4. b3 Bg7 5. Bb2 O-O 6. Be2 c5 7. O-O Nc6 8. Ne5
Qc7 9. Nxc6 Qxc6 10. Bf3 c4 11. d3 cxd3 12. cxd3 Bd7 13. Bd4 Ne8 14. Bxg7 Nxg7
15. Nd2 Nf5 16. Re1 Rac8 17. g4 Ng7 18. h3 Qd6 19. d4 Rc3 20. Rc1 Rfc8 21. Rxc3
Rxc3 22. Nb1 Rc7 23. Qd2 Qc6 24. Qa5 e6 25. Qxa7 Ne8 26. Qa5 Qc2 27. Nd2 b6 28.
Qb4 Qxa2 29. Nf1 Qa5 30. Qxa5 bxa5 31. Ra1 Ra7 32. Rc1 1/2-1/2

[Event "Olimpiade 2024 - Donne"]
[Site "Budapest"]
[Date "18.09.2024"]
[Round "7.18"]
[Board "3"]
[White "Sedina, Elena"]
[Black "Kremer, Nadine"]
[Result "1-0"]
[WhiteTitle "IM"]
[WhiteElo "2196"]
[BlackElo "1898"]
[WhiteTeam "Italy"]
[BlackTeam "Luxembourg"]
[WhiteFideId "812153"]
[BlackFideId "4002970"]
[EventDate "2024.09.11"]

1. e4 Nf6 2. e5 Nd5 3. d4 d6 4. Nf3 g6 5. c4 Nb6 6. exd6 cxd6 7. h3 Bg7 8. Be2
O-O 9. Nc3 Bf5 10. O-O Nc6 11. d5 Na5 12. Nd4 e5 13. Nxf5 gxf5 14. b3 Rc8 15.
Bd2 f4 16. Rc1 Naxc4 17. bxc4 Nxc4 18. Ne4 f5 19. Rxc4 Rxc4 20. Bxc4 fxe4 21.
Qe2 f3 22. Qxe4 fxg2 23. Qxg2 Kh8 24. Kh1 Qd7 25. Be2 Qf7 26. Bg4 h5 27. Be6 Qf3
28. Be3 Qe2 29. Rg1 Bf6 30. Qg6 Qf3+ 31. Kh2 1-0

[Event "Olimpiade 2024 - Donne"]
[Site "Budapest"]
[Date "18.09.2024"]
[Round "7.18"]
[Board "4"]
[White "Lyon, Hannah Jane"]
[Black "Sala, Giulia"]
[Result "0-1"]
[BlackTitle "WFM"]
[WhiteElo "1797"]
[BlackElo "2115"]
[WhiteTeam "Luxembourg"]
[BlackTeam "Italy"]
[WhiteFideId "389105000"]
[BlackFideId "2840451"]
[EventDate "2024.09.11"]

1. d4 d5 2. c4 e6 3. Nf3 Nf6 4. g3 dxc4 5. Bg2 Nc6 6. e3 Rb8 7. Qc2 b5 8. O-O
Be7 9. a4 a6 10. Bd2 Bb7 11. axb5 axb5 12. Nc3 Nb4 13. Qb1 O-O 14. b3 c5 15. Rd1
Nd3 16. bxc4 bxc4 17. dxc5 Bxf3 18. Qxb8 Qxb8 19. Bxf3 Bxc5 20. Rdb1 Qe5 21. Ra4
Qf5 22. Kg2 Ne5 23. Be2 Ne4 0-1

[Event "Olimpiade 2024 - Donne"]
[Site "Budapest"]
[Date "18.09.2024"]
[Round "7.19"]
[Board "1"]
[White "Francisco Guecamburu, Candela Be"]
[Black "Mendoza, Shania Mae"]
[Result "1-0"]
[WhiteTitle "WGM"]
[BlackTitle "WFM"]
[WhiteElo "2294"]
[BlackElo "2013"]
[WhiteTeam "Argentina"]
[BlackTeam "Philippines"]
[WhiteFideId "160911"]
[BlackFideId "5211158"]
[EventDate "2024.09.11"]

1. d4 d5 2. Nc3 g6 3. Bf4 Bg7 4. e3 Nf6 5. h4 h6 6. Nf3 c5 7. Nb5 Na6 8. c3 Ne4
9. Be2 Bg4 10. a4 O-O 11. Ne5 Bxe2 12. Qxe2 Qe8 13. f3 Nd6 14. Ng4 h5 15. Nf2
Nc4 16. e4 cxd4 17. exd5 Nb6 18. c4 Qc8 19. b3 d3 20. Qd1 Qf5 21. Bg3 d2+ 22.
Kxd2 Rfd8 23. Nc3 e6 24. d6 Qa5 25. Rc1 Rac8 26. Ne4 f5 27. Ng5 Nxc4+ 28. bxc4
Rxc4 29. Qb3 Rd4+ 30. Ke2 Nc5 31. Qb5 Rxa4 32. Rhd1 b6 33. Qxa5 Rxa5 34. Bf2 Nd7
35. Kf1 Nf8 36. Ne2 Bf6 37. Nf4 e5 38. Nd5 Rxd6 39. Nxf6+ Rxf6 40. Rc7 Ra2 41.
Be1 Ra4 42. Bc3 Rxh4 43. Kg1 Rd4 44. Rxd4 exd4 45. Bxd4 Ne6 46. Rc6 1-0